|
|
|
|
| LEADER |
00000nam a22000007a 4500 |
| 005 |
20131128153440.0 |
| 007 |
cr|||| |||| |
| 008 |
131128s2013 sp |||||s|||| 00||0 spa d |
| 020 |
|
|
|a 978-84-9031-575-0
|
| 035 |
|
|
|a 11653
|
| 040 |
|
|
|a vLex
|
| 090 |
|
|
|c 4602
|d 4602
|
| 100 |
1 |
|
|a Ferrer Tapia, Belň
|
| 245 |
1 |
3 |
|a El contrato de transporte ařeo de pasajeros: sujetos, estatuto y responsabilidad
|h [Recurso electrn̤ico] /
|c Belň Ferrer Tapia
|
| 256 |
|
|
|a Servicio en ln̕ea
|
| 260 |
|
|
|a Madrid :
|b Dykinson,
|c 2013
|
| 300 |
|
|
|a 1 recurso electrn̤ico
|
| 506 |
1 |
|
|a Contenido solo disponible en los productos indicados
|d vLex Global
|d vLex Global (Academic Edition, excluding Law Schools)
|d vLex Global (U.S. Academic Edition, Law Schools)
|d vLex Global (U.S. Academic Edition, excluding Law Schools)
|d vLex Global (Academic Edition, Law Schools)
|
| 650 |
0 |
4 |
|a Transporte ařeo
|
| 650 |
0 |
4 |
|a Contratos
|
| 740 |
0 |
|
|a vLex Libros (Servicio en ln̕ea)
|
| 856 |
4 |
0 |
|u http://vlex.com/source/contrato-de-transporte-aereo-de-pasajeros-sujetos-estatuto-y-responsabilidad-11653
|z Acceso restringido
|
| 942 |
|
|
|c BOOK
|
| 999 |
0 |
|
|a Aeronautics, Commercial
|
| 999 |
0 |
|
|a Contracts
|